000 01003cab a2200373 4500
001 ABS55489
008 090401t1996 xxu||||| |||| 00| 0 eng d
035 _a(Sirsi) u16890
041 _aeng
245 _aNorth and Scotland
260 _c1996
350 _a0
490 _aProperty Week
_v56(2) 12 July 1996, 40-56(12)
650 _aCASINOS
650 _aEAST RIDING
650 _aHARROGATE
650 _aHOLGATE
650 _aHOUSING MARKET
650 _aHULL
650 _aINDUSTRIAL MARKET
650 _aMANCHESTER
650 _aMIDDLESBROUGH
650 _aNATIONAL PARKS
650 _aPROPERTY-COMMERCIAL PROPERTY-OFFICE PROPERTY-OFFICE PROPERTY MARKET
650 _aPROPERTY-COMMERCIAL PROPERTY-RETAIL PROPERTY-RETAIL PROPERTY MARKET
650 _aSCARBOROUGH
650 _aSCOTLAND
650 _aWARRINGTON
650 _aYORK
650 _aYORKSHIRE
690 _aPROPERTY-COMMERCIAL PROPERTY-COMMERCIAL PROPERTY MARKET
942 _n0
948 _c04/03/1997
999 _c11183
_d11183